Kinta district, Perak

Bibliographic Details
Main Author: CERRA
Format: Book
Published: [Kepong] : Forest Research Institute , 1967
Series:Forest resources reconnaissance survey report; no.15
Subjects:

MARC

LEADER 00000cam a2200000 7i4500
001 0000001675
005 20011027.0
090 0 0 |a 634.9285   |b CER 1967 
100 1 0 |a CERRA   |h Nick R. 
245 1 0 |a Kinta district, Perak   |c by Nick R. Cerra 
260 0 0 |a [Kepong] :   |b Forest Research Institute ,   |c 1967 
300 |a 1 v., (various pagings) :   |b ill., graph, maps (2 fold. in pocket), tables ;   |c 33 cm. 
440 0 0 |a Forest resources reconnaissance survey report; no.15 
650 0 0 |a Forest surveys   |z Malaysia   |z Perak 
650 0 0 |a Forests and forestry   |x Mensuration 
650 0 0 |a Surveys 
998 |a JPSM 
999 |a 0000002619   |b Monograph   |c Open Shelf   |e Default branch